[Event "African Games-chT 2019"]
[Site "Casablanca"]
[Date "2019.08.25"]
[Round "9.37"]
[White "Kourakoumba, Florent"]
[Black "Gohil, Mehul"]
[Result "0-1"]
[WhiteElo "1677"]
[BlackElo "2076"]
[Annotator "NA"]
[PlyCount "146"]
[EventDate "2019.08.24"]
[EventType "team-tourn"]
[EventCountry "MAR"]
[SourceTitle "playchess.com"]
[Source "ChessBase"]
[SourceQuality "1"]
[WhiteTeam "CAF"]
[BlackTeam "Kenya"]
[BlackTeamCountry "KEN"]
[TimeControl "900+10"]

1. e4 {[%emt 0:00:00]} e6 {[%emt 0:00:00]} 2. d4 {[%emt 0:00:00]} d5 {[%emt 0:00:00]} 3. e5 {[%emt 0:00:03]} c5 {[%emt 0:00:04]} 4. c3 {[%emt 0:00:01]} Nc6 {[%emt 0:00:04]} 5. Nf3 {[%emt 0:00:03]} Bd7 {[%emt 0:00:04]} 6. Be2 {[%emt 0:00:02]} Rc8 {[%emt 0:00:18]} 7. O-O {[%emt 0:00:03]} Nge7 {[%emt 0:00:04]} 8. Be3 {[%emt 0:00:10]} Ng6 {[%emt 0:00:14]} 9. a4 {[%emt 0:00:10]} cxd4 {[%emt 0:00:22]} 10. cxd4 {[%emt 0:00:03]} Be7 {[%emt 0:00:20]} 11. Na3 {[%emt 0:00:03]} a6 {[%emt 0:00:09]} 12. Nc2 {[%emt 0:00:08]} O-O {[%emt 0:00:14]} 13. Rb1 {[%emt 0:00:01]} f6 {[%emt 0:02:04]} 14. exf6 {[%emt 0:00:22]} Bxf6 {[%emt 0:00:06]} 15. g3 {[%emt 0:00:04]} Nce7 {[%emt 0:00:58]} 16. b3 {[%emt 0:00:07]} Nf5 {[%emt 0:00:18]} 17. h4 {[%emt 0:00:06]} Qc7 {[%emt 0:03:13]} 18. Bd3 {[%emt 0:00:14]} Nxg3 {[%emt 0:00:49]} 19. Re1 {[%emt 0:00:44]} Ne4 {[%emt 0:00:31]} 20. h5 {[%emt 0:00:15]} Nf4 {[%emt 0:00:21]} 21. Rc1 {[%emt 0:00:43]} Nxd3 {[%emt 0:00:44]} 22. Qxd3 {[%emt 0:00:04]} Qc3 {[%emt 0:00:45]} 23. Qxc3 {[%emt 0:00:34]} Rxc3 {[%emt 0:00:10]} 24. Ne5 {[%emt 0:00:21]} Bxe5 {[%emt 0:00:13]} 25. dxe5 {[%emt 0:00:03]} Rfc8 {[%emt 0:01:16]} 26. Nd4 {[%emt 0:00:04]} Rxc1 {[%emt 0:00:34]} 27. Rxc1 {[%emt 0:00:02]} Rxc1+ {[%emt 0:00:02]} 28. Bxc1 {[%emt 0:00:03]} h6 {[%emt 0:00:02]} 29. f3 {[%emt 0:00:04]} Ng3 {[%emt 0:00:53]} 30. Kg2 {[%emt 0:01:21]} Nxh5 {[%emt 0:00:04]} 31. Kh3 {[%emt 0:00:03]} Kh7 {[%emt 0:00:07]} 32. Kg4 {[%emt 0:00:07]} g6 {[%emt 0:00:01]} 33. f4 {[%emt 0:00:16]} Ng7 {[%emt 0:00:04]} 34. Ba3 {[%emt 0:00:09]} Kg8 {[%emt 0:00:28]} 35. Nf3 {[%emt 0:00:32]} Kf7 {[%emt 0:00:36]} 36. Nd4 {[%emt 0:00:23]} Bc8 {[%emt 0:00:59]} 37. Bc5 {[%emt 0:00:09]} Bd7 {[%emt 0:00:19]} 38. Bb6 {[%emt 0:00:16]} Bc6 {[%emt 0:00:20]} 39. a5 {[%emt 0:00:39]} Bb5 {[%emt 0:00:38]} 40. b4 {[%emt 0:00:40]} Be8 {[%emt 0:00:15]} 41. Nb3 {[%emt 0:00:05]} Nf5 {[%emt 0:00:04]} 42. Nc5 {[%emt 0:00:03]} Bc6 {[%emt 0:00:01]} 43. Bd8 {[%emt 0:00:29]} Ne3+ {[%emt 0:00:05]} 44. Kf3 {[%emt 0:00:05]} Nc2 {[%emt 0:00:02]} 45. Nd3 {[%emt 0:00:09]} Bb5 {[%emt 0:00:02]} 46. Nc5 {[%emt 0:00:23]} Bc6 {[%emt 0:00:13]} 47. Nd3 {[%emt 0:00:01]} Nd4+ {[%emt 0:01:01]} 48. Ke3 {[%emt 0:00:08]} Nf5+ {[%emt 0:00:03]} 49. Kf2 {[%emt 0:00:20]} Ke8 {[%emt 0:00:07]} 50. Bb6 {[%emt 0:00:04]} Kf7 {[%emt 0:00:19]} 51. Ke2 {[%emt 0:00:19]} Bb5 {[%emt 0:00:05]} 52. Kd2 {[%emt 0:00:01]} Bxd3 {[%emt 0:00:03]} 53. Kxd3 {[%emt 0:00:02]} Ke8 {[%emt 0:00:06]} 54. Bf2 {[%emt 0:00:08]} Kd7 {[%emt 0:00:00]} 55. Kc3 {[%emt 0:00:08]} Kc6 {[%emt 0:00:04]} 56. Kb3 {[%emt 0:00:02]} Kb5 {[%emt 0:00:01]} 57. Kc3 {[%emt 0:00:05]} Ka4 {[%emt 0:00:06]} 58. Bg1 {[%emt 0:00:23]} Ng3 {[%emt 0:00:10]} 59. Be3 {[%emt 0:00:26]} Ne4+ {[%emt 0:00:01]} 60. Kd4 {[%emt 0:00:13]} Kxb4 {[%emt 0:00:05]} 61. f5 {[%emt 0:00:21]} gxf5 {[%emt 0:00:02]} 62. Bxh6 {[%emt 0:00:03]} Kxa5 {[%emt 0:00:02]} 63. Bg7 {[%emt 0:00:06]} Kb4 {[%emt 0:00:03]} 64. Bf8+ {[%emt 0:00:01]} Kb3 {[%emt 0:00:03]} 65. Bd6 {[%emt 0:00:16]} a5 {[%emt 0:00:06]} 66. Kd3 {[%emt 0:00:03]} b5 {[%emt 0:00:03]} 67. Ke3 {[%emt 0:00:16]} b4 {[%emt 0:00:05]} 68. Kf3 {[%emt 0:00:02]} a4 {[%emt 0:00:02]} 69. Kf4 {[%emt 0:00:02]} a3 {[%emt 0:00:00]} 70. Kf3 {[%emt 0:00:11]} a2 {[%emt 0:00:00]} 71. Kg2 {[%emt 0:00:05]} a1=Q {[%emt 0:00:00]} 72. Kh3 {[%emt 0:00:03]} Qg1 {[%emt 0:00:00]} 73. Kh4 {[%emt 0:00:28]} Qg4# 0-1

[Event "African Games-chT 2019"]
[Site "Casablanca"]
[Date "2019.08.25"]
[Round "9.38"]
[White "Sang, Ricky"]
[Black "Koualet-Bebondi, Vianney Archeveq"]
[Result "1-0"]
[WhiteElo "1971"]
[BlackElo "1679"]
[Annotator "NA"]
[PlyCount "93"]
[EventDate "2019.08.24"]
[EventType "team-tourn"]
[EventCountry "MAR"]
[SourceTitle "playchess.com"]
[Source "ChessBase"]
[SourceQuality "1"]
[WhiteTeam "Kenya"]
[BlackTeam "CAF"]
[WhiteTeamCountry "KEN"]
[TimeControl "900+10"]

1. d4 {[%emt 0:00:00]} e6 {[%emt 0:00:00]} 2. Bf4 {[%emt 0:00:01]} Nf6 {[%emt 0:00:00]} 3. e3 {[%emt 0:00:04]} d6 {[%emt 0:00:00]} 4. Bd3 {[%emt 0:00:22]} Be7 {[%emt 0:00:04]} 5. Nf3 {[%emt 0:00:10]} Nh5 {[%emt 0:00:24]} 6. Bg3 {[%emt 0:00:08]} O-O {[%emt 0:00:37]} 7. Nbd2 {[%emt 0:00:31]} f5 {[%emt 0:00:03]} 8. c3 {[%emt 0:00:36]} Nc6 {[%emt 0:00:16]} 9. Qb3 {[%emt 0:00:47]} a6 {[%emt 0:00:35]} 10. O-O-O {[%emt 0:00:51]} b6 {[%emt 0:00:20]} 11. h4 {[%emt 0:01:04]} Nxg3 {[%emt 0:01:09]} 12. fxg3 {[%emt 0:00:03]} Na5 {[%emt 0:00:34]} 13. Qc2 {[%emt 0:00:16]} c5 {[%emt 0:00:42]} 14. g4 {[%emt 0:00:19]} b5 {[%emt 0:00:18]} 15. gxf5 {[%emt 0:00:18]} c4 {[%emt 0:00:11]} 16. Be2 {[%emt 0:00:11]} exf5 {[%emt 0:00:03]} 17. e4 {[%emt 0:00:20]} fxe4 {[%emt 0:00:35]} 18. Qxe4 {[%emt 0:00:40]} Bf5 {[%emt 0:00:17]} 19. Qd5+ {[%emt 0:00:27]} Kh8 {[%emt 0:00:10]} 20. Rdg1 {[%emt 0:00:39]} Bg4 {[%emt 0:00:32]} 21. Nf1 {[%emt 0:02:06]} Bxf3 {[%emt 0:01:20]} 22. Bxf3 {[%emt 0:00:20]} Bxh4 {[%emt 0:00:18]} 23. Nd2 {[%emt 0:02:24]} Ra7 {[%emt 0:01:01]} 24. Qh5 {[%emt 0:00:25]} g5 {[%emt 0:00:51]} 25. g3 {[%emt 0:00:21]} Bxg3 {[%emt 0:02:59]} 26. Rxg3 {[%emt 0:00:09]} Rg7 {[%emt 0:00:05]} 27. Be4 {[%emt 0:00:35]} Rff7 {[%emt 0:00:16]} 28. Rgh3 {[%emt 0:00:49]} Qd7 {[%emt 0:00:38]} 29. Bd5 {[%emt 0:00:57]} Re7 {[%emt 0:00:16]} 30. Rf1 {[%emt 0:00:12]} Qe8 {[%emt 0:01:18]} 31. Qxe8+ {[%emt 0:00:02]} Rxe8 {[%emt 0:00:02]} 32. Rhf3 {[%emt 0:00:32]} h6 {[%emt 0:00:18]} 33. Rf6 {[%emt 0:00:06]} h5 34. Be4 {[%emt 0:00:17]} Rxe4 {[%emt 0:02:02]} 35. Nxe4 {[%emt 0:00:03]} h4 {[%emt 0:00:21]} 36. Nxd6 {[%emt 0:00:06]} Kh7 {[%emt 0:00:21]} 37. Nf5 {[%emt 0:00:05]} Ra7 {[%emt 0:01:10]} 38. Rh6+ {[%emt 0:00:05]} Kg8 39. Rg6+ Kh7 {[%emt 0:00:43]} 40. Rxg5 {[%emt 0:00:15]} Rf7 {[%emt 0:00:30]} 41. Rh1 {[%emt 0:00:05]} Kh8 {[%emt 0:00:04]} 42. Rxh4+ {[%emt 0:00:03]} Rh7 {[%emt 0:00:04]} 43. Rxh7+ {[%emt 0:00:05]} Kxh7 {[%emt 0:00:01]} 44. Rg7+ {[%emt 0:00:02]} Kh8 {[%emt 0:00:03]} 45. Ra7 {[%emt 0:00:09]} Nc6 {[%emt 0:00:04]} 46. Rxa6 {[%emt 0:00:03]} Kg8 {[%emt 0:00:50]} 47. Rxc6 {[%emt 0:00:03]} 1-0